000 00719nam a22001577a 4500
008 230504b |||||||| |||| 00| 0 eng d
040 _aNational Science Library
_cNational Science Library
080 _aR 92:061.6.055.6(540)
_bM4
245 _aBiographical memoirs of the fellows of the Indian national science academy
_c/ Indian National Science Academy
260 _aNew Delhi:
_bIndian National Science Academy,
_c1973
300 _a100p.
500 _aVol. 3 (1973); 100p. Vol. 6 (1979); 88p. Vol. 9 (1984); 134p. Vol. 10 (1985); 147p. Vol. 11 (1986); 172p. Vol. 12 (1987): 226p. Vol. 13 (1988); 197p. Vol. 13 (1988); 197p.
650 _aManagement
653 _aBiographical memoirs
942 _2udc
_cPR
999 _c27473
_d27473